000 01093cab a2200253 4500
001 E2198
008 090401t1994 xxu||||| |||| 00| 0 eng d
035 _a(Sirsi) u38057
041 _aeng
245 _aO`Donnell v Heath
260 _c1994
350 _a0
490 _aSLC
_v1994 R 26-37(12)
520 _aFull Court. Application Strathclyde RN404. Order of 15 November 1994. Agrilcultural holding - notice to quit - counter-notice - application for Land Court`s consent to the operation of the notice to quit - failure by landlord to sspecify the ground or grounds upon which consent was sought in the initial application to the Court - failure to give the tenant the requisite statutory notice - sections 21 and 24 of the Agricultural Holdings (Scotland) Act 1991.
650 _aAGRICULTURAL HOLDINGS (SCOTLAND) ACT 1991
650 _aCOUNTER NOTICE
650 _aNOTICE TO QUIT
650 _aSCOTLAND
650 _aSCOTTISH LAND COURT
650 _aSTATUTORY NOTICES
690 _aLANDLORD AND TENANT-CASE LAW-AGRICULTURAL TENANCIES
942 _n0
948 _c04/03/1997
999 _c24456
_d24456